Морская коллекция. 2026, № 2 (317): Черноморские гидрокрейсера (Запись № 13693695)

Подробности
000 -МАРКЕР
контрольное поле 01389nam2a2200241 4500
001 - ИДЕНТИФИКАТОР ЗАПИСИ
контрольное поле RU\NLR\BIBL_A\022786547
005 - ИДЕНТИФИКАТОР ВЕРСИИ
контрольное поле 20260426073232.0
035 ## - ДРУГИЕ СИСТЕМНЫЕ НОМЕРА
Идентификатор записи (NLR Aleph) 022786547
100 ## - ДАННЫЕ ОБЩЕЙ ОБРАБОТКИ
Данные общей обработки 20260416d2026 u y0rusy50 ca
101 0# - ЯЗЫК РЕСУРСА
Язык текста, звукозаписи и т.д. русский
102 ## - СТРАНА ПУБЛИКАЦИИ ИЛИ ПРОИЗВОДСТВА
Страна публикации российская федерация
200 1# - ЗАГЛАВИЕ И СВЕДЕНИЯ ОБ ОТВЕТСТВЕННОСТИ
Основное заглавие Черноморские гидрокрейсера
Первые сведения об ответственности Р. Иваниченко
210 ## - ПУБЛИКАЦИЯ, РАСПРОСТРАНЕНИЕ И ДР.
Дата издания, распространения и т.д. 2026
461 #0 - УРОВЕНЬ НАБОРА
Встроенное поле 001RU\NLR\INFOCOMM\1000090925
-- 2001#$aМорская коллекция$eСправ. по кораб. составу$eПрил. к журн. "Моделист-конструктор"$fУчредитель: "Ред. журн. "Моделист-конструктор" в форме АОЗТ"$v2026, № 2 (317)
Системный номер (АБИС) связанной записи 3245256
Место публикации М.
Дата публикации 1995-
Первые сведения об ответственности Учредитель: "Ред. журн. "Моделист-конструктор" в форме АОЗТ"
Имя издателя, распространителя и т.д. Ред. журн. "Моделист-конструктор" в форме АОЗТ
Сведения, относящиеся к заглавию Справ. по кораб. составу : Прил. к журн. "Моделист-конструктор"
Заглавие Морская коллекция
Номер тома 2026, № 2 (317)
606 1# - НАИМЕНОВАНИЕ ТЕМЫ КАК ПРЕДМЕТ
Наименование темы Гидроавианосцы
Тематический подзаголовок История
Географический подзаголовок Россия
Системный номер авторитетной/нормативной записи 2705759
Идентификатор авторитетной/нормативной записи RU\NLR\AUTH\6601769428
686 1# - ИНДЕКСЫ ДРУГИХ КЛАССИФИКАЦИЙ
Индекс Ц661.12г(2)
700 #1 - ИМЯ ЛИЦА - ПЕРВИЧНАЯ ОТВЕТСТВЕННОСТЬ
Начальный элемент ввода Иваниченко
Часть имени, кроме начального элемента ввода Р.
Расширение инициалов личного имени Ранис
852 ## - МЕСТОНАХОЖДЕНИЕ И ШИФР ХРАНЕНИЯ
Идентификатор организации NLR
Шифр хранения (Call Number) П11/3767
942 ## - ДОПОЛНИТЕЛЬНЫЕ ЭЛЕМЕНТЫ ЗАПИСИ (АБИС)
Тип экземпляра АБИС Выпуск
980 ## - КОЛЛЕКЦИЯ
Название коллекции Русская периодика
980 ## - КОЛЛЕКЦИЯ
Название коллекции Национальная библиография

Нет доступных экземпляров.